Reprezentacje na Mundialu 2022 - Statystyki

Ogólne statystyki
  • Ten quiz został rozwiązany 148 razy
  • Średni wynik to 22 z 32
Statystyki odpowiedzi
Końcowa lokata Odpowiedź % Poprawnych
2 Miejsce Francja
98%
Zwycięzca Argentyna
97%
⅛ Finału Polska
97%
3 Miejsce Chorwacja
89%
4 Miejsce Maroko
89%
Ćwierćfinały Anglia
87%
Ćwierćfinały Brazylia
87%
Ćwierćfinały Portugalia
84%
⅛ Finału Hiszpania
82%
Ćwierćfinały Holandia
80%
4 Miejsce w fazie grupowej Katar
80%
3 Miejsce w fazie grupowej Meksyk
79%
3 Miejsce w fazie grupowej Niemcy
78%
4 Miejsce w fazie grupowej Arabia Saudyjska
76%
⅛ Fianłu Japonia
73%
⅛ Finału Stany Zjednoczone
69%
⅛ Finału Korea Południowa
65%
3 Miejsce w fazie grupowej Belgia
64%
3 Miejsce w fazie grupowej Urugwaj
63%
⅛ Finału Australia
62%
4 Miejsce w fazie grupowej Kanada
61%
3 Miejsce w fazie grupowej Ekwador
58%
4 Miejsce w fazie grupowej Ghana
58%
4 Miejsce w fazie grupowej Walia
58%
4 Miejsce w fazie grupowej Dania
57%
⅛ Finału Senegal
56%
3 Miejsce w fazie grupowej Kamerun
52%
⅛ Finału Szwajcaria
52%
3 Miejsce w fazie grupowej Iran
47%
4 Miejsce w fazie grupowej Serbia
46%
4 Miejsce w fazie grupowej Kostaryka
37%
3 Miejsce w fazie grupowej Tunezja
37%
Nie znaleziono quizów pasujących do podanych kryteriów
Rozkład punktacji
Procent ludzi z każdym wynikiem
Percentyl według liczby udzielonych odpowiedzi
Twoja historia wyników
Nie rozwiązałeś tego quizu